Statistics for Old names of countries

Click here to take the quiz!

General Stats

  • This quiz has been taken 49 times
  • The average score is 10 of 20

Answer Stats

HintAnswer% Correct
ThailandSiam
93%
MyanmarBurma
83%
IranPersia
83%
DR CongoZaire
78%
Sri LankaCeylon
66%
FranceGaul
54%
CzechiaCzech Republic
49%
GhanaGold Coast
46%
IraqMesopotamia
44%
ZimbabweSouthern Rhodesia
44%
TanzaniaTanganyika
44%
Burkina FasoUpper Volta
41%
EthiopiaAbyssinia
39%
ZambiaNorthern Rhodesia
34%
TunisiaCarthage
32%
CambodiaKampuchea
29%
NamibiaSouth-west Africa
29%
BeninDahomey
24%
BotswanaBechuanaland
22%
LibyaTripolitania
17%

Score Distribution

Percentile by Number Answered

Percent of People with Each Score

Your Score History

You have not taken this quiz